000 00610nam a22001697a 4500
999 _c61172
_d61172
005 20231227104218.0
008 231227s1981 ru ||||| |||| 00| 0 rus d
041 _arus
080 _a7.01(3) Б-96
100 _a Бычков, В. В.
_920904
245 _aЭстетика поздней античности /
_cВ.В. Бычков; АН СССР, Ин-т философии.
264 _a Москва :
_bНаука,
_c1981.
300 _a325 с.:
_bил.;
_c20 см.
653 _aესთეტიკა
653 _aგვიანი ანტიკურობა
942 _2udc
_cᲬᲘᲒᲜᲘ